Quizzes
Events
Quiz Creation
Community
Videos
Private Events
Remove Ads
Sign In
Join for FREE
Feedback
Dark Mode
Quiz Categories
Sports
Geography
Music
Movies
Television
Just For Fun
Miscellaneous
History
Literature
Language
Science
Gaming
Entertainment
Religion
Holiday
For Kids
Quiz Lab
Recent
Popular Today
Quiz Kudos Today
Editor Picks
Curator Picks
Quizzes by...
Day
Popularity
Type
Ratings
Length
Year
Community
Subscriptions
Recent Discussions
Orange Saloon
Badges
Playlists
Quests
Create
Leaderboards
Showdown
Live 5
Trivia Bingo
Activity
Puzzle Library
Sporcle Events
Private Events
Virtual Trivia
Globe League
Become a Host
Pub Owners
SporcleCon
Opinionation
Our Games
Videos
Blog
Mobile Apps
Partnerships
Remove Ads and Go Orange
Feedback
Sports
Athletes
MLB
NBA
NHL
NFL
Soccer
Sports Teams
WWE
NCAA
Football
Premier League
Basketball
Baseball
Hockey
Golf
Tennis
Cricket
Rugby
Auto Racing
Olympics
World Cup
Sports
Athletes
MLB
NBA
NHL
NFL
Soccer
Sports Teams
WWE
NCAA
Football
Premier League
Basketball
Baseball
Hockey
Golf
Tennis
Cricket
Rugby
Auto Racing
Olympics
World Cup
Random Quiz
Search Sporcle
×
Quiz Lab
Quiz Lab
Sports
NBA
Type in answers that appear in a list
Type in answers that appear in a list
Classic
Best Score? Go Orange.
Guess that nba player by nickname (made for KOT4Q) Stats
Can you guess that nba player (made for KOT4Q)?
By
dhemmer33
10m
64 Questions
1,409 Plays
1,409 Plays
1,409 Plays
Comments
Comments
Give Quiz Kudos
Give Quiz Kudos
-
- Ratings
hide this ad
Random Order
Randomize order of answers
Randomize order of answers
Replay
Link that replays current quiz
Next Quiz
Link to next quiz in quiz playlist
You Got
0%
They Got
Avg Score
55%
Avg Friend Score
Upgrade to see
Score Distribution
Jump to the score distribution portion of the page
Score
0/64
Timer
10:00
0
Plays Today
hint
Answer
% Correct
the king
lebron james
86.4%
air jordan
michael jordan
85.7%
black mamba
kobe bryant
85.2%
d-
rose
derrick rose
85.2%
cp3
chris paul
85%
melo
carmelo anthony
84.3%
spud
anthony jerome webb
83.7%
jimmy buckets
jimmy butler
82.6%
uncle drew
kyrie irving
82.5%
the brow
anthony davis
81.8%
the beard
james harden
81.1%
big baby
glen davis
81.1%
boom dizzile
baron davis
80.3%
dr j
julius erving
79.1%
kat
karl-anthony towns
78.6%
durantula
kevin durant
78.6%
t-
mac
tracy mcgrady
77.5%
porzingod
kristaps porzingis
77.1%
lin-
sanity
jeramy lin
77.1%
vinsanity
vince carter
76.7%
swaggy p
nick young
75.9%
penny
anfernee hardaway
74.3%
clyde the glide
clyde drexler
73.5%
white chocolate
jason williams
72.2%
miller time
reggie miller
71.9%
the mailman
karl malone
71.8%
diseal
shaquill o'neal
71%
c-
webb
chris webber
70.3%
flash
dwayne wade
70.3%
the truth
paul pierce
68.6%
greek freak
giannis antetokounmpo
68.4%
baby faced assasin
stephen curry
65.7%
hint
Answer
% Correct
birdman
chris anderson
65.7%
jesus shuttleworth
ray allen
65.4%
big fundamental
tim duncan
64.6%
krypto-
nate
nate robinson
63.5%
the glove
gary payton
62.7%
the jet
kenny smith
61.9%
big ticket
kevin garnett
60%
the white mamba
brian scalabrine
58.1%
the dream
hakeem olajuwon
56.8%
z-
bo
zach randolph
53.6%
doc
glenn rivers
53.3%
big ben
ben wallace
51.9%
crash
gerald wallace
50.3%
booze
carlos boozer
49.5%
big al
al jefferson
46.4%
agent zero
gilbert arenas
41.9%
hair canada
steve nash
37.6%
tiny
tiny archibald
36.1%
brazilian blur
leandro barbosa
26.2%
the x-
factor
david west
16.9%
the stilt
wilt chamberlian
14.5%
the secratery of defense
bill russell
9.5%
AI 2.0
andre iguodala
8.9%
kandi man
michael olowokandi
8.9%
batman
dirk nowitzki
7%
the beast of the east
patrick ewing
5.5%
sideshow bob
anderson varejao
5%
the answer
allen ivorson
4.4%
true warrior
ron artest
3.4%
the hobbit
eric gordan
2.8%
mo buckets
marreese spights
2.1%
ak-
47
andre kirilento
1.3%
Quiz Playlist
Details
Report
Send in Message
Add To Playlist
Classic:
Type in answers that appear in a list
Random Order:
Randomize order of answers
Last Updated: Jul 29, 2017
Quiz Scoreboard
CHALLENGE
Sign Up to Join the Scoreboard
Show All
Scores
Hide
Comments
May contain spoilers
Recently Published
College Basketball Coaching Resumes
by pancakes188
Sports
9m
Billboard Blitz: Fleetwood Mac
by CooCooCachoo
Music
15s
Presidents Visiting Landmarks
by Hejman
History
7m
More to Explore
Quiz From the Vault
Featured Blog Post
Where Did the Easter Bunny Come From?
hide this ad
You Might Also Like...
Tags
Clickable Quiz
NBA Quiz
KOT4Q
nickname
Player
Today's Top Quizzes in Sports
Browse Sports
hide this ad
Today's Top Quizzes in NBA
Browse NBA
Top Contributed Quizzes in Sports
1
2022 World Cup Stars
2
Les meilleurs buteurs des matchs entre le PSG et l’OM
3
FIFA Club World Cup Champions
4
Les entraîneurs de l'OM et du PSG au 21e siècle
5
Criteria MLB: Left Handed Sluggers
6
AFC Teams Reveal (Wrong Answers Minefield)
7
5-to-1: UK Sports Teams
8
5-to-1: FBS Animal Nicknames
9
2023 MLB Unique Player Accomplishments
10
Name the Premier League winners with different clubs
Explore More
Trending Topics
Crossword
Disney
Marvel
Anime
Harry Potter
NBA
Kpop
The Office
Song
Pokémon
Soccer
NFL
Country
WWE
Puzzle
hide this ad
More By:
dhemmer33
Quiz
Plays
Rating
Category
Featured
Created
guess that nba player by nickname (made for KOT4Q)
1,409
1.63
Sports
Jul 16, 2017
Go to Creator's Profile
Score Distribution
Quiz Creator Spotlight
dhemmer33
Follow
Send a Message
Quizzes Created
-
Created Quiz Play Count
-
More By This Creator
Popular Quizzes Today
1
Find the US States - No Outlines Minefield
2
Find the Countries of Europe - No Outlines Minefield
3
The Countries of the World
4
Find the US States
5
Risky Map Clicking: Biggest States A-Z
6
US States
7
Popular People in 1961
8
Movies - When Are They Set?
More Sports Quizzes
Non-Quarterback Touchdown Passers
Quiz Lab
Trending Quizzes
Risky Map Clicking: Least Populous States A-Z
1-10 Letter G Words
1-10 Letter F Words
Risky Map Clicking: Next State Alphabetically
Risky Map Clicking: Biggest States A-Z
Recently Updated
Leaping Animals
pecheneg
Reality TV Shows (A-Z)
bhenderson79
Rickey Henderson's Hall of Fame Teammates
pecheneg
Champions League XIs: Arsenal
pecheneg
Quick Pick: Celebrities in WWE's Hall of Fame
aduchscher
A-Z Keypad Blitz II
pecheneg
Multiple Oscar Actors
pecheneg
Mystery Phrase Blitz: Oscar 'Best Actors'
pecheneg
F. Scott Fitzgerald Novels
LTH
Pick 3 Villains
ddd62291
Trending Topics
NBA
Marvel
Kpop
Disney
Crossword
Harry Potter
Anime
WWE
Country
Puzzle
NFL
Pokémon
Soccer
The Office
Song
Your Account Isn't Verified!
In order to create a playlist on Sporcle, you need to verify the email address you used during registration. Go to your
Sporcle Settings
to finish the process.
Report this User
Report this user for behavior that violates our
Community Guidelines
.
Details:
Send Report
Go to the Sporcle.com Mobile Site →
Comments